| 000 | 00935nam a2200289 a 4500 | ||
|---|---|---|---|
| 001 | 000010144 | ||
| 003 | OSt | ||
| 005 | 20240412074215.0 | ||
| 008 | 091005s2002 xxu r 000 p spa d | ||
| 020 | _z09668857887 | ||
| 040 |
_aDO-SdBNP _bspa _cBNPHU |
||
| 041 | 1 | 7 |
_aspa _2eng |
| 082 |
_aRD861.44 _bC822i |
||
| 100 | 1 |
_aCoronado, Carmen Dinorah _91222 |
|
| 245 | 1 | 0 |
_aInterioridades = Poetry from my soul / _cCarmen Dinorah Coronado; edición Tomás Castro Burdiez; traducción Vita Dervyatkin. |
| 246 | 1 | _aPoetry from my soul | |
| 260 |
_aNew York : _bCiguapa, _c2002. |
||
| 300 |
_a96 p. ; _c22 cm. |
||
| 500 | _aTexto en inglés y español | ||
| 590 | _aInventariado, 2018/BT | ||
| 650 | 0 |
_aPoesía dominicana _966 |
|
| 650 | 0 |
_aLiteratura dominicana. _967 |
|
| 700 | 1 | 2 |
_aDervyatkin, Vita, _etrad. _925138 |
| 700 | 2 |
_aCastro, Tomás, _d1959- _eed. _924641 |
|
| 910 | _aValidado. Control de calidad. MFF | ||
| 942 |
_2ddc _cLBS1 |
||
| 999 |
_c9903 _d9903 |
||